Deformations of algebraic schemes
Αποθηκεύτηκε σε:
| Κύριος συγγραφέας: | |
|---|---|
| Μορφή: | Βιβλίο |
| Γλώσσα: | English |
| Δημοσίευση: |
Berlin ; New York :
Springer,
c2006
|
| Σειρά: | Grundlehren der mathematischen wissenschaften ;
; 334 |
| Θέματα: | |
| Ετικέτες: |
Προσθήκη ετικέτας
Δεν υπάρχουν, Καταχωρήστε ετικέτα πρώτοι!
|
MARC
| LEADER | 00000nam a2200000 i 4500 | ||
|---|---|---|---|
| 001 | 1/74906 | ||
| 008 | 080219s2006 eng d | ||
| 020 | |a 978-3-540-30608-5 | ||
| 020 | |a 3-540-30608-0 | ||
| 035 | |l 10094779 | ||
| 040 | |a GR-MY-UA |b gre |e aacr | ||
| 041 | 0 | |a eng | |
| 082 | 0 | |a 516.35 |2 (22) | |
| 100 | 1 | |a Sernesi, E. |q (Edoardo) | |
| 245 | 1 | 0 | |a Deformations of algebraic schemes / |c Edoardo Sernesi |
| 260 | |a Berlin ; New York : |b Springer, |c c2006 | ||
| 300 | |a xi, 339 σ.; |c 24 εκ. | ||
| 490 | 1 | |a Grundlehren der mathematischen Wissenschaften |v ; 334 | |
| 504 | |a Περιέχει βιβλιογραφικές παραπομπές (σ. [321]-328) και ευρετήριο | ||
| 650 | 0 | 0 | |a Schemes (Algebraic Geometry) |
| 650 | 0 | 0 | |a Homotopy theory. |
| 830 | 0 | |a Grundlehren der mathematischen wissenschaften ; |v ; 334 | |
| 852 | |a INST |b SAMOS |e 20080219 |h 516.35 SER |p 005300026823 |q 005300026823 |t BK |y 0 | ||
| 901 | |a BIBL3-2008-1 | ||
| 909 | |a Σ |b 142272 | ||
| 922 | |a 3ΕΛΗ |b 200712 |c ΕΠΕΑΕΚ2/ΤΜΗΜΑ ΜΑΘΗΜΑΤΙΚΩΝ |d ΠΑΠΑΣΩΤΗΡΙΟΥ | ||
| 970 | |a ΡΟΥΣΣΟΥ |b ΚΩΝΣΤΑΝΤΙΝΑ |z 2008/02/19 | ||